LDR 01145naa#a2200217#i#450# 001 RU\\bibl\110604 005 20260415235526.3 011 ## _a2311-1402 100 ## _a20250325b2025####ek#y0rusy0150####ca 101 0# _aRUS 102 ## _aRU 200 1# _aСообщества мелких млекопитающих Исетско-Пышминского междуречья (южное Зауралье) _eЖурнальная статья 210 1# _aНижневартовск _cФедеральное государственное бюджетное образовательное учреждение высшего образования Нижневартовский государственный университет _d2025 215 ## _a8 с. 608 ## _aЖурнальная статья _2local 675 ## _a. [599.32+599.36/38]:591.91 _zRUS 700 #1 _aСтариков _gВладимир Павлович 700 #1 _aВолодина _gОксана Юрьевна 700 #1 _aКравченко _gВероника Николаевна 700 #1 _aТарикулиева _gСабина Эзбертовна 856 4# _afilvestnik.nvsu.ru _u